000 00356nam a2200133Ia 4500
008 220214s9999 xx 000 0 und d
022 _a0028-646X
245 0 _aNEW PHYTOLOGIST
260 _bCambridge University Press, Cambridge
_aUK
310 _aM
500 _aEnding Volume & Year: 116, 1990
500 _aStarting Volume & Year: 84, 1980
942 _cBJ
999 _c8464
_d8464